| 000 | 00489nam a2200133Ia 4500 | ||
|---|---|---|---|
| 008 | 231129s2004||||xx |||||||||||||| ||spa|| | ||
| 020 | _a958-8143-47-0 | ||
| 040 | _bspa | ||
| 082 | _a(EN PROCESO DE DESCARTE) 343.04861 E79 2004 | ||
| 245 | 0 | _aEstatuto tributario nacional 2004. comentado y concordado: actualizado Ley 863 nueva reforma tributaria | |
| 260 | _c2004 | ||
| 264 | _aBogotá (Colombia): Ediciones Juridicas Financieras | ||
| 942 |
_2ddc _cBKS |
||
| 999 |
_c13537 _d13537 |
||